| 000 | 00493nam a2200193Ia 4500 | ||
|---|---|---|---|
| 003 | GCL | ||
| 008 | 140319s9999 xx 000 0 eng d | ||
| 040 |
_aGCL / _cGCL |
||
| 082 | 0 | 4 |
_a657.48 _bW F |
| 100 | 1 | _aWHITEHOUSE, JAN | |
| 245 | 1 | 0 |
_aFINANCE AND LEISURE / _cWHITEHOUSE, JAN |
| 700 | 1 | _aTILLEY, COLIN | |
| 260 |
_a[S.N] : _bLONGMAN GROUP UK LIMITED ، _c1992 |
||
| 300 | _a191 P | ||
| 650 | 0 | 4 | _aMANAGEMENT |
| 650 | 0 | 4 | _aFINANCE |
| 650 | 0 | 4 | _aNATIONAL DEVELOPMENT |
| 942 |
_2ddc _cBK |
||
| 999 |
_c21773 _d21773 |
||